[Event "Fagernes GM Swiss 2020"]
[Site "Fagernes"]
[Date "2020.10.06"]
[Round "4.4"]
[White "Notkevich, Benjamin Arvola"]
[Black "Skotheim, Andreas"]
[Result "1-0"]
[WhiteElo "2482"]
[BlackElo "2120"]
[Annotator "TA"]
[PlyCount "109"]
[EventDate "2020.10.04"]
[EventType "swiss"]
[EventCountry "NOR"]
[SourceTitle "playchess.com"]
[Source "ChessBase"]
[SourceQuality "1"]

{[%evp 9,109,-47,0,-20,-6,-5,0,-6,18,0,37,5,13,9,16,0,0,0,22,24,17,13,13,13,19,13,13,24,22,0,0,-37,-50,-25,-14,-27,-13,-34,-12,-59,0,0,0,0,0,0,0,0,0,0,0,0,0,0,16,0,9,0,0,0,0,0,0,4,16,0,4,0,0,0,0,0,0,0,0,0,0,0,0,0,0,0,25,0,0,-20,0,0,72,72,81,97,1929,1918,29994,29995,29995,0,29996,29997,29997,29998]} 1. d4 Nf6 2. Bg5 d5 3. Bxf6 gxf6 4. g3 c5 5. c3 e6 6. Bg2 {D00: 1 d4 d5: Unusual lines.} Nc6 7. e3 Bd7 8. Ne2 {[#] The position is equal.} f5 $146 ({Predecessor:} 8... h5 9. h4 Bd6 10. Nd2 cxd4 11. exd4 Qb6 12. Qb3 Qc7 13. O-O f5 14. f4 Rg8 {½-½ (66) Mataix Arbona,C (1878)-Svestka,J (2282) ICCF email 2010}) 9. O-O Bd6 10. dxc5 Bxc5 11. Nd2 Ne5 12. Qb3 Rc8 13. c4 Nxc4 14. Nxc4 dxc4 15. Qc3 O-O 16. Bxb7 Rc7 17. Bg2 Be7 18. Qc2 Bf6 19. e4 Bc6 20. Nf4 Bxe4 21. Bxe4 fxe4 22. Rae1 Qd4 23. Nh5 Qxb2 24. Qxe4 Rc5 (24... Rfc8 $1 $15) 25. Re2 $11 Qd4 26. Qg4+ $1 Rg5 (26... Qxg4 $2 {perishes.} 27. Nxf6+ Kg7 28. Nxg4 $18) 27. Nxf6+ Qxf6 28. Qxc4 Rd8 29. Re4 a5 30. Qc7 Rdd5 31. h4 Rg6 32. Kg2 h5 33. Rb1 Rf5 34. Rb8+ Kh7 35. Qc2 Kg7 36. Rc4 Qe5 37. Rcc8 Kh7 38. a4 {aiming for Rb5.} Qd5+ 39. Kg1 Qd4 40. Kg2 Qd5+ 41. Kh2 Qd4 42. f4 Rd5 43. Kh3 Qa1 {( -> ...Qh1+)} 44. Kg2 Qd4 45. Rf8 Rf5 46. Qe2 {Black must now prevent Rxf7+!} Rg4 47. Kh3 Qc3 {[%csl Gg4][%cal Rc3g3]} 48. Qf2 $1 Qa1 (48... Rgxf4 $11 49. Rh8+ Kg7 $1 {[%mdl 512]} 50. Rbg8+ Kf6 $1 {[%mdl 512]} 51. Rh6+ Ke5 $1 {[%mdl 512]} 52. Qe2+ Re4 53. Qb5+ Kd4 54. Qb6+ Kd3 55. Qb1+ Ke3) 49. Kh2 $16 Qg7 50. Qc2 Rg6 $2 {[%mdl 8192] [#]} (50... Qf6 $16 51. Rb7 Kg7 52. Rfxf7+ (52. Rbxf7+ Qxf7 53. Rxf7+ Kxf7 $14) 52... Qxf7 53. Qb2+ (53. Rxf7+ Kxf7 54. Qc7+ Kf6 $14) 53... Kg6 54. Rxf7 Kxf7) 51. Qc8 $1 $18 {[%mdl 512] Intending Rh8+ and mate.} Qd4 52. Rh8+ Kg7 53. Qg8+ Kf6 {[#] Hoping for ...Qf2+.} 54. Qxf7+ $1 {[%mdl 512]} Kxf7 55. Rb7+ {Accuracy: White = 93%, Black = 79%.} 1-0

[Event "Fagernes GM Swiss 2020"]
[Site "Fagernes"]
[Date "2020.10.06"]
[Round "4.5"]
[White "Lund, Gunnar"]
[Black "Holm, Kristian Stuvik"]
[Result "0-1"]
[WhiteElo "2302"]
[BlackElo "2465"]
[Annotator "TA"]
[PlyCount "50"]
[EventDate "2020.10.04"]
[EventType "swiss"]
[EventCountry "NOR"]
[SourceTitle "playchess.com"]
[Source "ChessBase"]
[SourceQuality "1"]

{[%evp 9,50,-16,-19,-5,-2,-23,-23,-23,-19,-21,-24,-23,-9,-10,-15,-22,-36,-26,48,33,20,0,10,0,10,0,0,-35,-41,-85,-89,-82,-75,-118,-65,-64,-82,-73,-56,-91,-78,-629,-623]} 1. d4 Nf6 2. Bf4 c5 3. e3 Nd5 4. Bg3 Qb6 5. Nd2 cxd4 6. e4 {A45: Trompowsky Attack.} Nc7 {[#]} 7. Nb3 $146 ({Predecessor:} 7. Ngf3 d6 8. e5 Nc6 9. exd6 exd6 10. Nb3 Bg4 11. Be2 Qb4+ 12. Qd2 Qxd2+ 13. Kxd2 {0-1 (34) Babarykin,S (2328)-Gaifullin,A (2423) Moscow 2018}) 7... Nc6 8. Nf3 {[%cal Rf3d4] Black has an edge.} Ne6 9. Bd3 Qb4+ 10. Nfd2 Nc5 11. Nxc5 (11. Be2 {is interesting.} Nxb3 12. axb3 d6 13. O-O g6 14. Ra4) 11... Qxc5 12. O-O d6 13. f4 h5 ({Better is} 13... g6 $1 $11) 14. Nb3 Qb6 15. Bf2 e5 $1 16. c3 Qd8 17. fxe5 dxc3 $1 ({Much worse is} 17... dxe5 $6 18. cxd4 exd4 19. Bb5 $16) 18. bxc3 dxe5 19. Be3 Be6 20. Qe2 Qc7 21. Bc4 {[#]} Bxc4 (21... Nd4 $1 $17 {[%cal Rd4e2]} 22. cxd4 Bxc4) 22. Qxc4 $15 Bd6 23. Rad1 {aiming for Rxd6!} Rd8 24. Rf5 f6 25. Rxh5 $2 {[%mdl 8192] [#]} (25. Rf2 $17) 25... Rxh5 {Accuracy: White = 59%, Black = 88%.} 0-1

[Event "Fagernes GM Swiss 2020"]
[Site "Fagernes"]
[Date "2020.10.06"]
[Round "4.6"]
[White "Kaasen, Tor Fredrik"]
[Black "Ingebretsen, Jens E"]
[Result "1/2-1/2"]
[WhiteElo "2386"]
[BlackElo "2220"]
[Annotator "TA"]
[PlyCount "88"]
[EventDate "2020.10.04"]
[EventType "swiss"]
[EventCountry "NOR"]
[SourceTitle "playchess.com"]
[Source "ChessBase"]
[SourceQuality "1"]

{[%evp 11,88,16,22,7,6,4,8,16,72,65,70,72,67,47,99,96,109,44,83,37,25,29,56,22,27,21,40,6,7,0,0,0,0,0,0,0,0,0,0,0,0,0,0,0,0,0,0,0,0,0,0,0,0,0,75,0,0,0,74,0,0,0,0,-2,0,0,0,0,0,0,0,0,0,0,0,0,0,0,0]} 1. Nf3 Nf6 2. g3 d5 3. Bg2 Bg4 4. Ne5 Bf5 5. c4 c6 6. cxd5 cxd5 7. d3 {A11: English Opening: 1...c6.} Nbd7 8. Nxd7 Qxd7 {[#]} 9. Nc3 $146 ({Predecessor:} 9. O-O e6 10. Qb3 Be7 11. Nc3 Bg6 12. e4 Rd8 13. e5 Ng4 14. d4 Nh6 15. Bxh6 gxh6 {½-½ (46) Kovanova,B (2382)-Drozdova,D (2242) Sochi 2016}) 9... Bh3 (9... Rc8 $11 {remains equal.}) 10. Bxh3 $16 Qxh3 11. Bf4 Qd7 12. Rc1 d4 (12... g6 $14) 13. Ne4 e6 14. Nxf6+ (14. O-O $16) 14... gxf6 $14 15. Qb3 {[#] Strongly threatening Rc7.} e5 16. Bd2 h5 17. O-O h4 18. Rc2 {Threatens to win with Rfc1.} Be7 19. Rfc1 {[#] aiming for Rc7.} hxg3 20. hxg3 Bd8 21. a4 Bb6 22. Qb5 Qxb5 23. axb5 Kd7 24. Kg2 f5 25. Bb4 Rhc8 26. Rxc8 Rxc8 27. Rxc8 Kxc8 $11 {[%mdl 4096] Endgame KB-KB} 28. Bd6 Bc7 29. Bc5 Kd7 30. Kh3 ({Much weaker is} 30. Bxa7 b6 $17) 30... Ke6 31. Kh4 Bd8+ 32. Kh5 Bc7 (32... a6 $11) 33. Kg5 (33. Bxa7 $16 Kd5 34. Kg5) 33... Bd8+ 34. Kh6 Bc7 (34... Ba5 $11) 35. Kg7 (35. Bxa7 $16 Kf6 36. Bc5) 35... Ba5 {The position is equal.} 36. b4 Bc7 $1 37. f3 b6 38. Bf8 Bd8 39. Kh6 Bc7 40. Kh5 Bb8 41. Kg5 Bc7 42. Kh5 Bd8 43. Kh6 Bc7 44. Kh5 Bd8 {Accuracy: White = 80%, Black = 83%.} 1/2-1/2

[Event "Fagernes GM Swiss 2020"]
[Site "Fagernes"]
[Date "2020.10.06"]
[Round "4.7"]
[White "Galinsky, Timofey"]
[Black "Dahl, Trygve"]
[Result "1/2-1/2"]
[WhiteElo "2370"]
[BlackElo "2211"]
[Annotator "TA"]
[PlyCount "136"]
[EventDate "2020.10.04"]
[EventType "swiss"]
[EventCountry "NOR"]
[SourceTitle "playchess.com"]
[Source "ChessBase"]
[SourceQuality "1"]

{[%evp 9,136,31,38,20,29,16,18,-27,-13,-24,12,0,0,0,13,0,25,27,29,0,4,-70,81,0,0,0,0,-47,-51,-52,0,-3,45,3,0,0,14,0,14,14,6,7,10,-17,260,0,250,259,246,179,175,176,191,169,167,168,203,206,309,307,339,316,347,347,342,346,331,309,648,646,634,559,544,523,988,942,912,806,568,523,391,287,3725,1268,1567,0,0,0,0,0,0,0,0,0,0,0,0,0,0,0,0,0,0,0,0,0,0,0,0,0,0,0,0,0,0,0,0,0,0,0,0,0,0,0,0,0,0,0,0]} 1. d4 f5 2. Nf3 Nf6 3. h3 d5 4. Bf4 e6 5. e3 c5 6. c3 {A80: Dutch Defence: Unusual White second moves.} Nc6 7. Nbd2 {[%cal Bb1d2,Bd2b3,Bb3d4][%mdl 32]} Be7 {[#]} 8. g4 $146 ({Predecessor:} 8. Be2 Bd7 9. Rc1 Ne4 10. h4 Qb6 11. Ne5 O-O 12. Nxd7 Qxb2 13. Nxf8 Bxf8 14. Qc2 {1-0 (31) Born,A (1319)-Akasaka,E (1467) Recife 2019}) 8... O-O 9. Bd3 Ne4 10. gxf5 exf5 11. dxc5 Nxc5 12. Nb3 Ne4 13. Rg1 Kh8 14. Nbd4 Bd6 15. Bxe4 (15. Bxd6 $11 Qxd6 16. Qe2) 15... Bxf4 $2 {[#]} (15... fxe4 $15 {keeps the upper hand.} 16. Nxc6 bxc6) 16. Bxd5 ({And not} 16. exf4 fxe4 17. Ne5 (17. Nxc6 bxc6 18. Ne5 Qh4 $17) 17... Qh4 $17) (16. Nxc6 $1 $16 bxc6 17. Bxd5 cxd5 18. exf4) 16... Qxd5 $11 17. exf4 Qe4+ 18. Kf1 Qxf4 19. Qd3 Qe4 20. Rd1 Ne7 (20... b6 {feels hotter.} 21. b3 Bb7 22. Nxc6 Qxc6 23. Qd7 Qxd7 24. Rxd7 Bc6) 21. Ng5 Qxd3+ $1 22. Rxd3 Ng6 23. Nb5 b6 24. Rd6 Ba6 25. a4 $1 $36 {[%mdl 2048] White has some pressure.} Nf4 26. Rd7 g6 $2 {[%mdl 8192]} (26... Kg8 $11 {and Black is okay.}) 27. Rxh7+ $18 Kg8 28. Rh4 Nh5 29. Rxh5 gxh5 30. Ne6+ {[%mdl 64] [#] Discovered Attack} Kf7 31. Nxf8 Rxf8 {[%mdl 4096] Endgame KRB-KRN} 32. Rg5 Kf6 33. Rxh5 Rd8 (33... Bxb5+ $142 34. axb5 Rf7) 34. Rh7 Rd1+ 35. Kg2 Ra1 36. b3 ({But not} 36. Nxa7 Bf1+ 37. Kg3 Rxa4 $18) 36... Bxb5 37. axb5 {KR-KR} Ra3 38. c4 Rxb3 $2 (38... f4 39. Rd7 Ke5) 39. Rxa7 Rb4 40. Rc7 Kg5 41. Rc6 Ra4 42. Rxb6 Rxc4 43. Rb8 Kf4 44. b6 {[%cal Bb5b6,Bb6b7][%mdl 32]} Rc6 45. h4 Rh6 $2 (45... Rg6+ 46. Kf1 Kf3) 46. b7 {aiming for Re8.} Rh7 47. f3 $2 (47. h5 $18 {Strongly threatening h6.} Rc7 48. Kh3) 47... Rc7 {The position is equal.} 48. h5 {Kf2 is the strong threat.} Rh7 49. h6 Rc7 50. Kh3 {Hoping for Kh4.} Rh7 51. Rf8 Rxb7 52. Kh4 Rb1 {[%cal Rb1h1]} 53. Kh5 {And now h7 would win.} Rh1+ 54. Kg6 Rg1+ 55. Kf6 Rh1 56. Kg7 Rg1+ $1 57. Kh8 Rg5 58. Rg8 {Intending Rxg5 and mate.} Rh5 59. Kg7 Rg5+ 60. Kf7 {White wants to mate with Rxg5.} Rh5 61. Rh8 Kxf3 62. h7 f4 63. Kg6 Rh1 64. Rf8 Kg3 65. h8=Q Rxh8 66. Rxh8 f3 67. Rf8 f2 68. Rxf2 Kxf2 {White really could win this. Accuracy: White = 84%, Black = 61%.} 1/2-1/2

[Event "Fagernes GM Swiss 2020"]
[Site "Fagernes"]
[Date "2020.10.06"]
[Round "4.8"]
[White "Carlsson, Ludvig"]
[Black "Ranaldi, Lucas"]
[Result "1/2-1/2"]
[WhiteElo "2281"]
[BlackElo "2334"]
[Annotator "TA"]
[PlyCount "108"]
[EventDate "2020.10.04"]
[EventType "swiss"]
[EventCountry "NOR"]
[SourceTitle "playchess.com"]
[Source "ChessBase"]
[SourceQuality "1"]

{[%evp 16,108,3,0,25,25,29,27,36,33,31,20,61,65,64,64,89,81,114,108,113,94,118,129,119,24,29,39,103,95,111,111,112,105,141,129,160,110,133,127,161,114,93,104,153,151,219,172,223,223,208,220,229,207,207,207,287,294,362,362,362,270,271,280,271,272,257,135,150,35,116,88,88,88,88,86,88,85,95,71,86,31,31,0,88,31,31,53,53,59,47,0,0,0,56]} 1. c4 c5 2. Nc3 Nc6 3. g3 g6 4. Bg2 Bg7 5. e4 e6 6. Nge2 Nge7 7. d3 d6 8. O-O O-O 9. Rb1 {seems to push 9.Be3 aside.} a5 {A36: Symmetrical English vs ...g6: 4 Bg2 Bg7.} 10. b3 Rb8 {[#]} 11. Nb5 $146 ({Predecessor:} 11. Bb2 b6 12. Qd2 Bb7 13. h3 Ba8 14. f4 Qd7 15. Nd1 e5 16. Ne3 f5 17. Nd5 Nxd5 18. exd5 {0-1 (45) Laylo,D (2509)-Sasikiran,K (2682) Subic Bay 2009}) 11... e5 {White has an edge.} 12. f4 Be6 13. Be3 Nd4 14. Nexd4 exd4 15. Bd2 f5 16. Re1 Nc6 17. exf5 Bxf5 18. Qf3 Kh8 19. g4 Bd7 20. Qd5 (20. Nxd6 $16 {Strongly threatening g5.} Nb4 21. f5 (21. Nxb7 Qc8 $16)) 20... Nb4 21. Bxb4 {And now Bd2 would win.} Bxb5 (21... Bc6 $1 $14 22. Qxd6 axb4) 22. Bxc5 $1 $16 (22. cxb5 axb4 23. Rf1 Re8 $11) 22... dxc5 23. Qxd8 ({But not} 23. cxb5 $6 Qxd5 24. Bxd5 Rxf4 $11) 23... Rbxd8 24. cxb5 Rxf4 25. Bxb7 Rxg4+ 26. Kh1 Bh6 27. Re7 Bf4 28. Rf1 Rh4 {[#]} 29. Rf2 $1 Bg3 30. Rfe2 Rf8 (30... a4 $16 31. bxa4 c4) 31. Bc6 Bd6 (31... a4 {was worth a try.} 32. bxa4 c4 33. dxc4 d3) 32. Rd7 $18 Bb8 33. b6 g5 34. Rde7 Rh6 {[#]} 35. Re8 $1 {[%cal Re8f8]} Rhf6 36. b7 Kg7 37. R2e7+ Kh6 38. Rxf8 Rxf8 {[%mdl 4096] Endgame KRB-KRB} 39. Be4 {[%csl Ge4][%cal Re7h7]} g4 40. Kg2 ({Don't take} 40. Rxh7+ $6 Kg5 $18) 40... Kg5 41. Bc6 ({Weaker is} 41. Bxh7 Kf6 $16) (41. Re6 $18) 41... h5 $16 42. Bd7 (42. Be4 $16) 42... h4 (42... Rf3 $1 $14) 43. Re4 g3 {Threatens to win with ...Rf2+.} 44. hxg3 hxg3 45. Kg1 Bc7 46. Re7 Bf4 47. Bc8 Rf6 48. Rg7+ (48. Be6 $16) 48... Rg6 $14 49. Rd7 Kf6 (49... a4 $11) 50. Rd5 ({Better is} 50. Rh7 $16) 50... Rg5 51. Rd8 {White threatens Rf8+ and mate.} Ke7 52. Rd7+ Kf6 53. Rd8 {Rf8+ would kill now.} Ke7 {( -> ...g2)} 54. Rd7+ Kf6 {Blacks defense is rewarded with a draw. Accuracy: White = 68%, Black = 60%.} 1/2-1/2

[Event "Fagernes GM Swiss 2020"]
[Site "Fagernes"]
[Date "2020.10.06"]
[Round "4.9"]
[White "Nielsen, Andre"]
[Black "Unneland, Mathias"]
[Result "0-1"]
[WhiteElo "2218"]
[BlackElo "2149"]
[Annotator "TA"]
[PlyCount "98"]
[EventDate "2020.10.04"]
[EventType "swiss"]
[EventCountry "NOR"]
[SourceTitle "playchess.com"]
[Source "ChessBase"]
[SourceQuality "1"]

{[%evp 26,98,9,6,24,24,14,14,20,15,41,42,41,31,23,26,65,0,0,0,48,48,45,38,45,56,80,0,0,-25,-21,-27,-17,-105,-89,-102,-95,-79,-6,-6,0,0,0,-4,-5,-8,-8,-37,-37,-37,-37,-36,-36,-58,-48,-50,-48,-69,-64,-67,-62,-69,-75,-89,-84,-84,-77,-203,-166,-241,-193,-1160,-1153,-4133,-1077]} 1. e4 c5 2. Nf3 Nc6 3. d4 cxd4 4. Nxd4 Nf6 5. Nc3 e5 6. Ndb5 d6 7. Bg5 a6 8. Na3 b5 9. Nd5 Be7 10. Bxf6 Bxf6 11. c3 Ne7 12. Nc2 Nxd5 13. Qxd5 Rb8 14. Rd1 Bb7 {B33: Sicilian: Pelikan and Sveshnikov Variations.} (14... Rb6 {looks sharper.} 15. Nb4 O-O 16. Qd3 a5 17. Nd5 Rb8) 15. Qd3 O-O 16. Be2 Qa5 {The position is equal.} 17. Nb4 Rbd8 18. O-O Bg5 {[#]} 19. Ra1 $146 ({Predecessor:} 19. Bf3 Qb6 20. g3 Bc8 21. Kh1 Kh8 22. Bg2 Be6 23. b3 f5 24. f4 exf4 25. gxf4 {0-1 (62) Sahoo,U (2218)-Ramnath,B (2355) Tirupati 2012}) 19... f5 20. exf5 e4 21. Qg3 (21. Qh3 $14) 21... Rxf5 $11 22. Bg4 Re5 23. f4 exf3 $1 24. Bxf3 Qb6+ 25. Kh1 {Black must now prevent Nd3.} h6 {[#]} 26. Bxb7 (26. h4 $1 $16 {[%cal Rh4g5]} Be7 27. Qg6 (27. Bxb7 Qxb7 28. Rf4 Rf8 $11)) 26... Qxb7 27. Qf3 Qxf3 28. Rxf3 {aiming for Nc6.} Rde8 29. Nxa6 (29. Rb1 $11) 29... Re2 $17 30. Nc7 R8e5 31. Rff1 Rxb2 (31... Bd8 $17 32. Na6 Rxb2) 32. Rfb1 $1 $36 {[%cal Rb1b2][%mdl 2048] Black is under pressure.} Rd2 33. Nxb5 Be3 {Threatening ...Rg5.} 34. Nd4 Bxd4 35. cxd4 {[%mdl 4096] Endgame KRR-KRR} Ree2 36. Rb8+ Kh7 37. Rg1 $1 Rxa2 38. Rb6 Re6 39. d5 Rg6 40. h3 Rd2 41. Rb5 Rg5 42. Kh2 Kg6 43. Ra5 Rgxd5 44. Rxd5 Rxd5 $15 {KR-KR} 45. Kg3 Rf5 46. Rd1 {Loses the game.} (46. Ra1 $17) 46... d5 $19 47. Kh4 (47. Kh2 {was necessary.}) 47... Kf6 48. g4 $2 (48. Kg4) 48... Rf3 {[#] ( -> ...g5+)} 49. Rh1 g6 {Accuracy: White = 58%, Black = 88%.} 0-1

[Event "Fagernes GM Swiss 2020"]
[Site "Fagernes"]
[Date "2020.10.06"]
[Round "4.10"]
[White "Royset, Pal"]
[Black "Miezis, Normunds"]
[Result "0-1"]
[WhiteElo "2150"]
[BlackElo "2485"]
[Annotator "RC"]
[PlyCount "108"]
[EventDate "2020.10.04"]
[EventType "swiss"]
[EventCountry "NOR"]
[SourceTitle "playchess.com"]
[Source "ChessBase"]
[SourceQuality "1"]
[TimeControl "40/6000+30:2400+30"]

1. e4 {[%emt 0:02:24]} c5 {[%emt 0:00:00]} 2. Nc3 {[%emt 0:01:13]} Nc6 {[%emt 0:01:43]} 3. Bb5 {[%emt 0:01:22]} Nd4 {[%emt 0:02:45]} 4. Nf3 {[%emt 0:00:53]} e6 {[%emt 0:02:06]} 5. O-O {[%emt 0:04:28]} a6 {[%emt 0:09:29]} 6. Bd3 {[%emt 0:01:42]} Nxf3+ {[%emt 0:02:24]} 7. Qxf3 {[%emt 0:00:57]} Bd6 {[%emt 0:00:13]} 8. Re1 {[%emt 0:07:27]} Qc7 {[%emt 0:04:02]} 9. g3 {[%emt 0:04:51]} h5 {[%emt 0:02:19]} 10. b3 {[%emt 0:02:10]} Ne7 {[%emt 0:01:13]} 11. Bb2 {[%emt 0:03:37]} f6 {[%emt 0:04:05]} 12. Na4 {[%emt 0:14:24]} Rb8 {[%emt 0:07:48]} 13. c4 {[%emt 0:05:17]} b5 {[%emt 0:08:56]} 14. Nc3 {[%emt 0:03:18]} b4 {[%emt 0:02:07]} 15. Na4 {[%emt 0:03:10]} Bb7 {[%emt 0:03:14]} 16. Qe3 {[%emt 0:03:27]} Ng6 {[%emt 0:06:37]} 17. f4 {[%emt 0:03:49]} Qc6 {[%emt 0:02:41]} 18. Bf1 {[%emt 0:03:31]} e5 {[%emt 0:03:16]} 19. f5 {[%emt 0:04:36]} Ne7 {[%emt 0:01:02]} 20. Qf2 {[%emt 0:01:19]} Kf7 {[%emt 0:01:43]} 21. Bg2 {[%emt 0:01:18]} Rbg8 {[%emt 0:00:51]} 22. Re3 {[%emt 0:04:30]} Bc7 {[%emt 0:01:45]} 23. Rd3 {[%emt 0:04:23]} d6 {[%emt 0:00:11]} 24. Rf1 {[%emt 0:04:40]} Bd8 {[%emt 0:02:17]} 25. a3 {[%emt 0:02:47]} a5 {[%emt 0:00:32]} 26. axb4 {[%emt 0:00:39]} axb4 {[%emt 0:00:10]} 27. Ba1 {[%emt 0:01:35]} Ke8 {[%emt 0:02:43]} 28. Re3 {[%emt 0:02:04]} g6 {[%emt 0:03:00]} 29. fxg6 {[%emt 0:01:06]} Rxg6 {[%emt 0:01:26]} 30. d3 {[%emt 0:01:12]} Bc8 {[%emt 0:00:39]} 31. Rf3 {[%emt 0:00:28]} Ng8 {[%emt 0:01:29]} 32. Rf5 {[%emt 0:00:18]} h4 {[%emt 0:02:29]} 33. Bxe5 {[%emt 0:00:54]} dxe5 {[%emt 0:01:30]} 34. Rxe5+ {[%emt 0:00:14]} Be7 {[%emt 0:09:25]} 35. Rd5 {[%emt 0:02:52]} hxg3 {[%emt 0:01:06]} 36. hxg3 {[%emt 0:00:07]} Bh3 {[%emt 0:04:22]} 37. Qf4 {[%emt 0:01:38]} Qc8 {[%emt 0:04:46]} 38. Rf2 {[%emt 0:05:24]} Bxg2 {[%emt 0:02:54]} 39. Rxg2 {[%emt 0:00:25]} Rgh6 {[%emt 0:00:31]} 40. Nb6 {[%emt 0:04:23]} Rh1+ {[%emt 0:02:41]} 41. Kf2 {[%emt 0:40:08]} Qa6 {[%emt 0:43:32]} 42. Na4 {[%emt 0:01:57]} Qc6 {[%emt 0:02:45]} 43. Qb8+ {[%emt 0:00:00]} Kf7 {[%emt 0:00:00]} 44. Qa7 {[%emt 0:00:00]} Ra1 {[%emt 0:00:00]} 45. Rd7 {[%emt 0:00:00]} Qe6 {[%emt 0:00:00]} 46. Qb7 {[%emt 0:00:00]} Ra2+ {[%emt 0:00:00]} 47. Kf3 {[%emt 0:00:00]} Rxg2 {[%emt 0:00:00]} 48. Kxg2 {[%emt 0:00:00]} Qh3+ {[%emt 0:00:00]} 49. Kf2 {[%emt 0:00:00]} Qh2+ {[%emt 0:00:00]} 50. Kf3 {[%emt 0:00:00]} Qh1+ {[%emt 0:00:00]} 51. Kf4 {[%emt 0:08:33]} Qf1+ 52. Ke3 Rh2 53. Qd5+ Kg7 54. Qxc5 Qf2# 0-1

[Event "Fagernes GM Swiss 2020"]
[Site "Fagernes"]
[Date "2020.10.06"]
[Round "4.11"]
[White "Fossan, Aleksander"]
[Black "Vestby-Ellingsen, Mads"]
[Result "1/2-1/2"]
[WhiteElo "2171"]
[BlackElo "2362"]
[Annotator "TA"]
[PlyCount "63"]
[EventDate "2020.10.04"]
[EventType "swiss"]
[EventCountry "NOR"]
[SourceTitle "playchess.com"]
[Source "ChessBase"]
[SourceQuality "1"]

{[%evp 9,63,45,52,50,50,51,58,54,54,40,52,46,42,47,41,43,55,21,22,12,22,12,11,15,15,0,14,0,7,16,15,12,62,50,138,149,135,114,130,120,113,119,114,107,120,90,106,30,28,28,18,18,17,0,0,0]} 1. e4 g6 2. d4 Bg7 3. Nf3 d6 4. Bc4 a6 5. Bb3 e6 6. O-O {B06: Modern Defence.} Ne7 7. Bf4 h6 {[#]} 8. h3 $146 {White is slightly better.} ({Predecessor:} 8. h4 Nd7 9. Nbd2 O-O 10. Re1 b6 11. Nf1 Bb7 12. Ng3 Nf6 13. c3 h5 14. Qe2 {1-0 (36) Jansa,V (2440)-Chytilek,R (2362) Czechia 2014}) 8... O-O 9. Qe2 Nd7 10. Bg3 Nc6 11. c3 e5 {[%cal Re5d4]} 12. Rd1 Re8 13. dxe5 Ncxe5 14. Nxe5 Nxe5 15. f4 Nd7 16. Qc4 $36 {[%mdl 2048] Black is under pressure.} Rf8 17. e5 dxe5 18. fxe5 Qg5 19. e6 fxe6 ({Much weaker is} 19... Qxg3 $6 20. exd7 Qe3+ 21. Kf1 $16) 20. Qxc7 Nf6 {[#] And now ...Ne8 would win.} 21. Qe5 Nh5 (21... Qxe5 $14 22. Bxe5 Nd5 23. Bxg7 Kxg7) 22. Qxg5 $16 hxg5 23. Bd6 Rd8 24. Na3 {[#] Nc4 is the strong threat.} b5 25. Be7 Rxd1+ 26. Rxd1 Nf6 27. c4 Kf7 28. Bxf6 (28. Bb4 $16) 28... Bxf6 $11 29. cxb5 axb5 30. Nxb5 {The position is equal.} Bxb2 31. Rd8 {Hoping for Rxc8!} Ke7 32. Rg8 {Accuracy: White = 84%, Black = 85%.} 1/2-1/2